000 00261nam a2200109Ia 4500
001 588941
005 20250717120840.0
008 250717s9999 xx 000 0 und d
245 0 _aY-8 DÜŞ AVCISI
_cAYDA ÇAYIR
260 _bERDEM YAYINLARI
_c2017
300 _b96
999 _c588941
_d588941